[Event "Barcelona CC Amateurs April"]
[Site "Barcelona"]
[Date "2021.06.19"]
[Round "9"]
[White "Costa Trave, Jaume"]
[Black "Gallego Montes, Antonio"]
[Result "1/2-1/2"]
[WhiteElo "1685"]
[BlackElo "1778"]
[PlyCount "43"]
[EventDate "2021.04.24"]
[EventType "tourn"]
[EventRounds "9"]
[EventCountry "ESP"]
[SourceTitle "EXT 2022"]
[Source "ChessBase"]
[SourceDate "2021.10.06"]
[SourceVersion "1"]
[SourceVersionDate "2021.10.06"]
[SourceQuality "1"]

1. f4 Nh6 2. e4 d5 3. e5 Bg4 4. Nf3 e6 5. d4 Nf5 6. Be2 Bxf3 7. Bxf3 Qh4+ 8. g3 Qe7 9. 0-0 c5 10. c3 cxd4 11. Qd3 Qc5 12. Kh1 Nc6 13. Nd2 h5 14. Nb3 Qb6 15. Bd2 g6 16. Rad1 a5 17. Bc1 dxc3 18. bxc3 a4 19. Na1 Bc5 20. Nc2 Kd8 21. Bd2 g5 22. Rb1 1/2-1/2

[Event "Barcelona Amateurs 02"]
[Site "Barcelona"]
[Date "2021.02.12"]
[Round "6"]
[White "Costa Trave, Jaume"]
[Black "Gallego Montes, Antonio"]
[Result "0-1"]
[WhiteElo "1717"]
[BlackElo "1788"]
[PlyCount "27"]
[EventDate "2021.02.07"]
[EventType "tourn"]
[EventRounds "9"]
[EventCountry "ESP"]
[SourceTitle "EXT 2022"]
[Source "ChessBase"]
[SourceDate "2021.10.06"]
[SourceVersion "1"]
[SourceVersionDate "2021.10.06"]
[SourceQuality "1"]

1. d4 d6 2. e4 e5 3. d5 f5 4. Bd3 Nf6 5. Bg5 f4 6. Nc3 Be7 7. Qe2 Nbd7 8. 0-0-0 Nc5 9. g3 Nxd5 10. Nxd5 Bxg5 11. Nxc7+ Qxc7 12. Qh5+ Qf7 13. Qxg5 Nxd3+ 14. Rxd3 0-1

[Event "Catalunya-ch"]
[Site "Vila Seca"]
[Date "2019.04.20"]
[Round "5"]
[White "Gallego Montes, Antonio"]
[Black "Fernandez Aguilar, Francisco"]
[Result "1-0"]
[WhiteElo "1892"]
[BlackElo "2132"]
[PlyCount "59"]
[EventDate "2019.04.18"]
[EventType "swiss"]
[EventRounds "8"]
[EventCountry "ESP"]
[SourceTitle "CBM 189 Extra"]
[Source "ChessBase"]
[SourceDate "2019.06.03"]
[SourceVersion "1"]
[SourceVersionDate "2019.06.03"]
[SourceQuality "1"]

1. e4 c5 2. Nf3 d6 3. d4 cxd4 4. Nxd4 Nf6 5. Nc3 g6 6. Be3 Bg7 7. f3 0-0 8. Qd2 Nc6 9. Bc4 Bd7 10. 0-0-0 Rb8 11. g4 b5 12. Bb3 Na5 13. Bh6 Bxh6 14. Qxh6 b4 15. Nd5 Nxb3+ 16. Nxb3 Nxd5 17. exd5 e5 18. h4 f6 19. Nd2 Qa5 20. Kb1 Rb5 21. Ne4 Rxd5 22. g5 Rxd1+ 23. Rxd1 Qd8 24. Nxf6+ Rxf6 25. gxf6 Qxf6 26. Qg5 Qe6 27. Qd2 Bc6 28. Qxd6 Qxd6 29. Rxd6 Bxf3 30. Kc1 1-0

[Event "Barcelona Tres Peons-A 47th"]
[Site "Barcelona"]
[Date "2018.05.11"]
[Round "3"]
[White "Gallego Montes, Antonio"]
[Black "Solsona Olive, Xavier"]
[Result "1-0"]
[WhiteElo "1815"]
[BlackElo "1814"]
[PlyCount "90"]
[EventDate "2018.04.27"]
[EventType "tourn"]
[EventRounds "9"]
[EventCountry "ESP"]
[SourceTitle "EXT 2024"]
[Source "ChessBase"]
[SourceDate "2023.10.10"]
[SourceVersion "1"]
[SourceVersionDate "2023.10.10"]
[SourceQuality "1"]

1. e4 e5 2. Nf3 Nc6 3. Bc4 Nf6 4. Ng5 d5 5. exd5 Na5 6. Bb5+ c6 7. dxc6 bxc6 8. Qf3 Rb8 9. Bxc6+ Nxc6 10. Qxc6+ Bd7 11. Qc4 Qe7 12. Nc3 h6 13. Nge4 Nxe4 14. Qxe4 Qd6 15. Qd5 Be6 16. Qxd6 Bxd6 17. Ne4 Be7 18. 0-0 f5 19. Nc3 Kf7 20. d3 g5 21. a3 f4 22. Re1 Kf6 23. b3 a5 24. Bb2 Kf5 25. Re4 Bd6 26. Rae1 Bf7 27. Ra4 Rb7 28. Ne4 Bb8 29. Rxa5 h5 30. f3 g4 31. Kf2 Bc7 32. Ra6 Bb6+ 33. Kf1 Rh6 34. a4 gxf3 35. gxf3 Rg6 36. a5 Bc7 37. Rxg6 Bxg6 38. Ba3 Rb8 39. Bd6 Bxd6 40. Nxd6+ Ke6 41. Nc4 Rb5 42. Ke2 Rd5 43. h4 Be8 44. Rg1 Kf6 45. Rg8 Bg6 1-0

[Event "Cornella Pinol Memorial 5th"]
[Site "Cornella de Llobregat"]
[Date "2017.10.02"]
[Round "2"]
[White "Salvado Obrero, Ivan"]
[Black "Gallego Montes, Antonio"]
[Result "1-0"]
[WhiteElo "1980"]
[BlackElo "1835"]
[PlyCount "43"]
[EventDate "2017.09.25"]
[EventType "swiss"]
[EventRounds "9"]
[EventCountry "ESP"]
[SourceTitle "CBM 181 Extra"]
[Source "ChessBase"]
[SourceDate "2017.12.12"]
[SourceVersion "1"]
[SourceVersionDate "2017.12.12"]
[SourceQuality "1"]

1. e4 d5 2. exd5 Nf6 3. Nf3 c6 4. d4 Bg4 5. c4 cxd5 6. Nc3 e6 7. Qb3 Nc6 8. cxd5 Bxf3 9. gxf3 Nxd5 10. Qxb7 Nxd4 11. Bb5+ Nxb5 12. Qc6+ Ke7 13. Qxb5 Qd7 14. Nxd5+ Qxd5 15. Qxd5 exd5 16. Bd2 Kd7 17. 0-0-0 Kc6 18. Bc3 Bc5 19. Rd2 Rad8 20. Rhd1 Bd6 21. Rc2 Bf4+ 22. Bd2+ 1-0

[Event "Barcelona Sant Marti op-B 19th"]
[Site "Barcelona"]
[Date "2017.07.20"]
[Round "8"]
[White "Calafell Marques, Josep"]
[Black "Gallego Montes, Antonio"]
[Result "0-1"]
[WhiteElo "1762"]
[BlackElo "1908"]
[PlyCount "94"]
[EventDate "2017.07.13"]
[EventType "swiss"]
[EventRounds "9"]
[EventCountry "ESP"]
[SourceTitle "EXT 2018"]
[Source "ChessBase"]
[SourceDate "2017.10.13"]
[SourceVersion "1"]
[SourceVersionDate "2017.10.13"]
[SourceQuality "1"]

1. e4 d5 2. exd5 Qxd5 3. Nc3 Qa5 4. d4 Nf6 5. Bd2 Qb6 6. Nf3 Bg4 7. Be2 a6 8. Na4 Qc6 9. b3 Nbd7 10. c4 e6 11. Nc3 0-0-0 12. 0-0 h6 13. a3 g5 14. b4 Bxf3 15. gxf3 g4 16. b5 Qd6 17. bxa6 Qxa6 18. c5 Qa8 19. Rc1 h5 20. Nb5 c6 21. Nd6+ Bxd6 22. cxd6 Nd5 23. Rc4 N7b6 24. Rc5 Kd7 25. f4 Qxa3 26. Ra5 Qxd6 27. f5 Ra8 28. fxe6+ fxe6 29. Rxa8 Rxa8 30. Qb1 Rh8 31. f4 gxf3 32. Rxf3 Rg8+ 33. Kh1 Kc8 34. Qh7 Rf8 35. Qxh5 Rxf3 36. Qe8+ Kc7 37. Bxf3 Nc4 38. Be1 Qe7 39. Qxe7+ Nxe7 40. Be2 Ne3 41. Bf2 N7f5 42. Bd3 Kd6 43. h4 Ng4 44. Bg1 Nxh4 45. Be4 b5 46. Bh2+ Nxh2 47. Kxh2 Nf5 0-1